Formato MARC21

Signatura BDML-MML-Ms-M000774
Número de control M000774
Registro MARC21
Para ella [piano]
=001 M000774
=003 BDML
=005 20042026014413
=008 200426||||||||||||||||||||||||||||||||||
=031 ##$a1$b1$c1$gG-2$mCantante$nbBEA$o3/4$p4-'EE//:4.G8xFG''C/4.E8DC'nB/''4D'2nB/nB4B/$2pe
=040 ##$aBDML$bspa$cBDML
=092 ##$aBDML$bBDML$cEC$dMs$0M000774
=100 1#$aCueva Celi, Segundo$d1901-1969$jCertificada
=245 10$aPara ella [piano]$h[música manuscrita]
=300 ##$a3 folios$c34.1 x 24.1 cm
=340 ##$dManuscrito
=348 ##$aPartitura
=382 ##$aCanto y piano$bpiano
=384 0#$aDo menor
=500 ##$aDatos tomados del encabezado de la música.
=520 ##$aEn el reverso del tercer folio se encuentra la letra completa de la música.
=545 0#$aCueva Celi, Segundo. Loja, 10-I-1901; Quito, 17-IV-1969. Compositor, violinista, pianista. Sobrino del compositor Salvador Bustamante Celi. Músico precoz. Aprendió a tocar por sí solo, la guitarra y el rondín (armónica). Estudió con los Hermanos Cristianos. El hermano Antonio, de origen francés, violinista y director de la escuela, le enseñó los rudimentos del arte musical y le recomendó como maestro, al franciscano Antonio Vega, músico de Celica y ex profesor de música en Lima. A los ocho años, hizo su primera presentación artística. Formó parte del coro franciscano y luego fue organista de la iglesia de San Francisco. Su tío Salvador Bustamante, a partir de 1915, también le dio clases de música. Muy joven, en 1916 formó el Sexteto Loja. Sus primeras composiciones (villancicos y canciones religiosas) datan de 1917. Su primer pasillo fue Dulce tristeza; y la primera obra grabada en EE.UU., No importa, no (1918). Dominó el piano, el acordeón, el bandolín y el violín. En su ciudad natal, desde 1923, fue profesor de música y canto de las escuelas fiscales, hasta 193l; luego, desde 1935, fue profesor de música del Colegio Bernardo Valdivieso y finalmente, profesor del Conservatorio Salvador Bustamante; en varios de estos centros formó grupos corales y estudiantinas. Integró la orquesta del Conservatorio de Loja y propició la fundación del Centro Cultural Independencia. Obtuvo numerosas condecoraciones. Segundo Cueva es considerado un renovador. Su obra abarca más de tres mil composiciones: música popular, sacra, académica, escolar y patriótica. De su autoría, hasta la fecha se han editado los libros: 1. Pasillos famosos, y 2. Música escolar.$uhttps://www.facebook.com/photo/?fbid=10219111047540398&set=gm.4442289885880710
=650 04$aValses$ySiglo XX$zEcuador, Loja
=773 1#$aCueva Celi, Segundo (1901-1969)$tPara ella [piano]$wM000607
=852 ##$aMuseo de la Música Salvador Zaragocín Tapia$hAnexo 18 (a)